Science by Picture - E - Statistics

General Stats
  • This quiz has been taken 1,220 times
    1,210 since last reset
  • The average score is 11 of 15
Answer Stats
Picture Hint Answer % Correct
mammal Elephant
97%
scientist Einstein
96%
line Equator
96%
celestial event Eclipse
94%
part of the atom Electron
87%
process Evolution
86%
layer of skin Epidermis
81%
bird Emu
80%
energy Electricity
76%
community of organisms Ecosystem
67%
bodily system Endocrine
52%
body section Eardrum
49%
field of study Entomology
49%
function Exponent
30%
weather event El Nino
22%
No matching quizzes found
Score Distribution
Percent of People with Each Score
Percentile by Number Answered
Your Score History
You have not taken this quiz since the last reset